000 00778nam a22002057a 4500
999 _c2483
_d2483
005 20230602145947.0
008 230602b ||||| |||| 00| 0 eng d
020 _a9780711247031
040 _cKH8
082 _a800 HOD
100 _aHodgson, Rob
_eAuthor
245 _aThe cave
_cRob Hodgson
260 _aLondon,
_bFrances Lincoln Children's Books,
_c2018
300 _a1 volume :
_bchiefly illustrations (colour) ;
_c28 cm
520 _aA wolf tries everything to get a creature to leave the cave, to no avail. But what will happen when he's finally successful? This is a laugh-out-loud story with a BIG surprise!
521 _aChildren's stories Pictorial works
650 _aChildren's stories
650 _aChildren's stories Pictorial works
942 _2ddc
_cFIC